000 01374nam a2200337 a 4500
001 ebr10699905
003 CaPaEBR
006 m o u
007 cr cn|||||||||
008 150303s2013 miu sb 001 0 eng d
020 _z9780472118670
020 _z9780472029013 (e-book)
040 _aCaPaEBR
_cCaPaEBR
035 _a(OCoLC)843880834
050 1 4 _aGC29
_b.S43 2013eb
082 0 4 _a551.46
_223
245 0 4 _aThe sea
_h[electronic resource] :
_bthalassography and historiography /
_cPeter N. Miller, editor.
260 _aAnn Arbor, Mich. :
_bUniversity of Michigan Press,
_cc2013.
300 _a1 online resource (x, 293 p.)
504 _aIncludes bibliographical references and index.
533 _aElectronic reproduction.
_bPalo Alto, Calif. :
_cebrary,
_d2015.
_nAvailable via World Wide Web.
_nAccess may be limited to ebrary affiliated libraries.
588 _aDescription based on online resource; title from title page (ebrary, viewed May 24, 2013).
650 0 _aOceanography
_xHistory.
650 0 _aSeas
_xHistory.
650 0 _aSeas
_xHistoriography.
650 0 _aSeas
_xSocial aspects
_xHistory.
655 7 _aElectronic books.
_2local
700 1 _aMiller, Peter N.,
_d1964-
710 2 _aebrary, Inc.
856 4 0 _uhttp://site.ebrary.com/lib/rucke/Doc?id=10699905
_zAn electronic book accessible through the World Wide Web; click to view
999 _c6609
_d6609